Pháp luật về về người đại diện trong các giao dịch kinh doanh, thương mại : Luận văn Thạc sĩ Luật học. Chuyên ngành Luật kinh tế

Trình bày những vấn đề lý luận về người đại diện trong các giao dịch kinh doanh thương mại, quy định pháp luật về người đại diện trong các giao dịch kinh doanh thương mại - thực trạng và giải pháp.

Na minha lista:
Detalhes bibliográficos
Autor principal: Nguyễn, Thị Oanh
Formato: Livro
Idioma:Undetermined
Publicado em: Cần Thơ Trường Đại học Cần Thơ 2018
Assuntos:
Tags: Adicionar Tag
Sem tags, seja o primeiro a adicionar uma tag!
Thư viện lưu trữ: Trung tâm Học liệu Trường Đại học Cần Thơ
LEADER 01126nam a2200217Ia 4500
001 CTU_227584
008 210402s9999 xx 000 0 und d
082 |a 346.59707 
082 |b O.408 
100 |a Nguyễn, Thị Oanh 
245 0 |a Pháp luật về về người đại diện trong các giao dịch kinh doanh, thương mại : 
245 0 |b Luận văn Thạc sĩ Luật học. Chuyên ngành Luật kinh tế 
245 0 |c Nguyễn Thị Oanh ; Cao Nhất Linh (Cán bộ hướng dẫn) 
260 |a Cần Thơ 
260 |b Trường Đại học Cần Thơ 
260 |c 2018 
520 |a Trình bày những vấn đề lý luận về người đại diện trong các giao dịch kinh doanh thương mại, quy định pháp luật về người đại diện trong các giao dịch kinh doanh thương mại - thực trạng và giải pháp. 
650 |a Commercial law,Luật thương mại 
650 |z Vietnam,Việt Nam 
910 |b nthai 
980 |a Trung tâm Học liệu Trường Đại học Cần Thơ